Lessons of an Attempt at Stabilization Turkey in the 1980s

Guardado en:
Detalles Bibliográficos
Autor principal: Balázs, Judit
Formato: Libro
Lenguaje:inglés
Publicado: Budapest Hungarian Scientific Council for World Economy 1990
Edición:1. ed.
Etiquetas: Agregar Etiqueta
Sin Etiquetas, Sea el primero en etiquetar este registro!

MARC

LEADER 00000nam a2200000 4500
001 c040613
005 20221215114054.6
041 0 |a eng 
044 |a HU 
245 1 0 |a Lessons of an Attempt at Stabilization  |b Turkey in the 1980s  |c Judit Balázs 
250 |a 1. ed. 
264 1 |a Budapest  |b Hungarian Scientific Council for World Economy  |c 1990 
300 |a 83 s. 
100 1 |a Balázs, Judit